000 00731nam a2200229 a 4500
001 68864
003 (BD-RjUL)
005 20211209081822.0
008 861222m19511923mauach b 000 0 eng c
035 _a(BD-RjUL)69075
040 _aDLC/ICU
_cCGU
_dEQO
_dBD-RjUL
_beng
041 _aeng
082 _223
_a510.9
_bSMH 1951
100 1 _aSmith, David Eugene,
_d1860-1944.
_9204055
245 1 0 _aHistory of mathematics /
_cby David Eugene Smith
260 _aBoston ;
_aNew York :
_bGinn and company,
_cc1923 [reprinted 1951]
300 _a v. :
_bill. ;
_c22 cm.
504 _aIncludes Bibliography
505 _aV. 1 -- V. 2 Special topics of elementary mathematics--
650 0 _aMathematics
_xHistory.
_9123612
942 _2ddc
_cBK
999 _c68864
_d68864